|
|
|
|
| LEADER |
00000cam a2200000 i 4500 |
| 001 |
1/103602 |
| 008 |
000301s1998 gr | ||| |||| ||gre|| |
| 020 |
|
|
|a 9600415323
|
| 035 |
|
|
|l 10058536
|
| 040 |
|
|
|a GR-MyUA
|b gre
|e AACR2
|
| 041 |
1 |
|
|a gre
|h scc
|
| 082 |
0 |
|
|a 891.8
|
| 100 |
1 |
|
|a Albahari, David,
|d 1948-
|
| 245 |
1 |
3 |
|a Το δόλωμα /
|c Αλμπαχάρι Ντάβιντ ; μετάφραση Γκάγκα Ρόσιτς.
|
| 260 |
|
|
|a Αθήνα :
|b Κέδρος,
|c c1998.
|
| 300 |
|
|
|a 199 σ.
|
| 500 |
|
|
|a Τίτλος πρωτοτύπου: Mamac.
|
| 650 |
0 |
0 |
|a Yugoslav literature.
|
| 852 |
|
|
|a INST
|b LESVOS
|e 20000301
|h 891.8 ALB
|p 005100020321
|q 005100020321
|t BK
|y 4
|x 20200728
|
| 901 |
|
|
|a BIBL1-2000-1
|
| 909 |
|
|
|a Λ
|b 073538
|
| 922 |
|
|
|a 1ΕΛΗ
|b 199912
|c ΚΠΣ/ΚΥΒ
|d EMVASIS
|
| 950 |
|
|
|a 023-1999-12-18
|
| 970 |
|
|
|a ΜΟΥΣΤΑΚΑ
|b ΠΗΝΕΛΟΠΗ
|z 2000/04/11
|